00607nam a22001817a 450000500170000001000150001702000260003203500130005803700130007108200100008410000240009424501010011826000300021927000680024930000350031750000500035270000230040220230926121420.0 aENG-115241 a9788120352193c395.00 aEN-98773 bDBAD/PUB a338.9 aMukherjee,Aparajita aDevelopment economics:bA Critical Perspective/cBy Aparajita Mukherjee [and] Saumya Chakrabarti aDelhibPHI Learningc2016 aRimjhim House, 111, Patparganj Industrial EstatebDelhie110092 axxiii,390p. :bill.c25cm(pbk) aIncludes bibliographical references and index aChakrabarti,Saumya